[Event "Moscow-ch rapid (Women)"]
[Site "Moscow"]
[Date "2020.11.07"]
[Round "6"]
[White "Fatianova, Tatiana"]
[Black "Bivol, Alina"]
[Result "1/2-1/2"]
[WhiteElo "2195"]
[BlackElo "2373"]
[PlyCount "69"]
[EventDate "2020.11.07"]
[EventType "swiss (rapid)"]
[EventRounds "9"]
[EventCountry "RUS"]
[SourceTitle "CBM 199 Extra"]
[Source "ChessBase"]
[SourceDate "2021.01.31"]
[SourceVersion "1"]
[SourceVersionDate "2021.01.31"]
[SourceQuality "1"]

1. e4 e6 2. Nf3 d5 3. exd5 exd5 4. d4 Nf6 5. Bd3 c5 6. dxc5 Bxc5 7. Qe2+ Qe7 8. Qxe7+ Bxe7 9. Be3 Nc6 10. c3 0-0 11. Nbd2 h6 12. h3 a6 13. Nb3 Re8 14. 0-0 b5 15. Rfd1 Be6 16. Nbd4 Nxd4 17. Bxd4 Ne4 18. Ne5 Rec8 19. Re1 Nd6 20. Ng6 Bf8 21. Nxf8 Kxf8 22. a4 Kg8 23. g4 Nc4 24. Re2 Rcb8 25. b4 bxa4 26. Rxa4 Bd7 27. Ra1 Bb5 28. Re7 Re8 29. Rae1 Rxe7 30. Rxe7 Re8 31. Rxe8+ Bxe8 32. Kg2 f6 33. f4 Kf7 34. Kf2 Bb5 35. Bxc4 1/2-1/2

[Event "Moscow-ch rapid (Women)"]
[Site "Moscow"]
[Date "2020.11.07"]
[Round "7"]
[White "Fatianova, Tatiana"]
[Black "Voit, Daria"]
[Result "0-1"]
[WhiteElo "2195"]
[BlackElo "2353"]
[PlyCount "88"]
[EventDate "2020.11.07"]
[EventType "swiss (rapid)"]
[EventRounds "9"]
[EventCountry "RUS"]
[SourceTitle "CBM 199 Extra"]
[Source "ChessBase"]
[SourceDate "2021.01.31"]
[SourceVersion "1"]
[SourceVersionDate "2021.01.31"]
[SourceQuality "1"]

1. e4 e6 2. Nf3 d5 3. exd5 exd5 4. d4 Nf6 5. Bd3 c5 6. Qe2+ Qe7 7. Qxe7+ Bxe7 8. dxc5 Bxc5 9. Bf4 Ne4 10. 0-0 Be6 11. Nbd2 f5 12. Nb3 Nc6 13. Nxc5 Nxc5 14. Rfe1 Kd7 15. Bb5 Kc8 16. Ng5 Re8 17. Nxh7 a6 18. Bf1 Kd7 19. c3 Na4 20. Rab1 b5 21. Ng5 d4 22. Nxe6 Rxe6 23. cxd4 Rxe1 24. Rxe1 Nxb2 25. Rb1 Na4 26. g3 Nc3 27. Rb2 Re8 28. Rd2 Re1 29. Kg2 Nb4 30. a3 Nbd5 31. Be5 g6 32. h4 Ra1 33. Bd3 Rxa3 34. h5 gxh5 35. Bxf5+ Kc6 36. Bg6 b4 37. Be8+ Kb6 38. Bxh5 b3 39. Rb2 Ne3+ 40. Kh3 Nc4 41. Rxb3+ Rxb3 42. Bf7 Kb5 43. f4 Ne4 44. f5 Ng5+ 0-1

[Event "Moscow-ch blitz (Women)"]
[Site "Moscow"]
[Date "2020.11.04"]
[Round "7"]
[White "Diakonova, Ekaterina"]
[Black "Fatianova, Tatiana"]
[Result "1-0"]
[WhiteElo "2156"]
[BlackElo "2195"]
[PlyCount "36"]
[EventDate "2020.11.04"]
[EventType "tourn (blitz)"]
[EventRounds "13"]
[EventCountry "RUS"]
[EventCategory "2"]
[SourceTitle "CBM 199 Extra"]
[Source "ChessBase"]
[SourceDate "2021.01.31"]
[SourceVersion "1"]
[SourceVersionDate "2021.01.31"]
[SourceQuality "1"]

1. e4 Nc6 2. Nf3 d6 3. Be2 Nf6 4. Nc3 g6 5. 0-0 Bg7 6. d4 0-0 7. h3 e5 8. Be3 a6 9. d5 Ne7 10. Nd2 c6 11. dxc6 bxc6 12. Nc4 d5 13. exd5 Nfxd5 14. Bc5 Nxc3 15. bxc3 Qxd1 16. Re1 Qxa1 17. Rxa1 Re8 18. Bxe7 Rxe7 1-0

[Event "Wch Blitz (Women)"]
[Site "Moscow"]
[Date "2019.12.30"]
[Round "14"]
[White "Fatianova, Tatiana"]
[Black "Antonova, Nadezhda"]
[Result "1-0"]
[WhiteElo "2195"]
[BlackElo "1913"]
[PlyCount "81"]
[EventDate "2019.12.29"]
[EventType "swiss (blitz)"]
[EventRounds "17"]
[EventCountry "RUS"]
[SourceTitle "CBM 193 Extra"]
[Source "ChessBase"]
[SourceDate "2020.01.31"]
[SourceVersion "1"]
[SourceVersionDate "2020.01.31"]
[SourceQuality "1"]

1. e4 d6 2. d4 Nf6 3. Nc3 e5 4. dxe5 dxe5 5. Qxd8+ Kxd8 6. Bc4 Ke8 7. Nf3 Bd6 8. Bg5 c6 9. 0-0-0 Bc7 10. Bh4 Nbd7 11. a3 b5 12. Bb3 a5 13. Rhe1 Nc5 14. Bg3 b4 15. Na4 Nxb3+ 16. cxb3 Nd7 17. Kb1 Ba6 18. Ka2 f6 19. Rc1 Bb5 20. Nc5 Nxc5 21. Rxc5 Bb6 22. Rcc1 Ke7 23. Nh4 g6 24. f4 Bd4 25. fxe5 fxe5 26. Nf3 Ke6 27. a4 Ba6 28. Rxc6+ Kd7 29. Nxd4 exd4 30. Rd6+ Ke7 31. Rxd4 Rac8 32. Bd6+ Ke6 33. Rd2 Rhd8 34. e5 Rd7 35. Rf2 Rb7 36. Rd1 Rf7 37. Rfd2 Rc6 38. Bb8 Rf5 39. Rd6+ Rxd6 40. Rxd6+ Ke7 41. Rxa6 1-0

[Event "Wch Blitz (Women)"]
[Site "Moscow"]
[Date "2019.12.30"]
[Round "15"]
[White "Muetsch, Annmarie"]
[Black "Fatianova, Tatiana"]
[Result "1-0"]
[WhiteElo "2227"]
[BlackElo "2195"]
[PlyCount "169"]
[EventDate "2019.12.29"]
[EventType "swiss (blitz)"]
[EventRounds "17"]
[EventCountry "RUS"]
[SourceTitle "CBM 193 Extra"]
[Source "ChessBase"]
[SourceDate "2020.01.31"]
[SourceVersion "1"]
[SourceVersionDate "2020.01.31"]
[SourceQuality "1"]

1. e4 Nc6 2. d4 d5 3. e5 Bf5 4. c3 f6 5. Nf3 e6 6. Be2 fxe5 7. Nxe5 Nxe5 8. dxe5 Bc5 9. 0-0 Ne7 10. Nd2 0-0 11. Nf3 Ng6 12. h3 Be4 13. Nd4 Bxd4 14. cxd4 Nf4 15. f3 Bg6 16. Bxf4 Rxf4 17. Qd2 Qh4 18. Rfd1 Raf8 19. Kh2 Qf2 20. Rac1 c6 21. Rc3 h5 22. Qe3 Qxe3 23. Rxe3 h4 24. b4 a6 25. Rc3 Ra8 26. a4 Be8 27. Rb3 Kf7 28. g3 hxg3+ 29. Kxg3 Rf5 30. f4 Ke7 31. Bg4 Rf8 32. Rf1 Bd7 33. Rbf3 g6 34. Kf2 a5 35. Rb1 Bc8 36. b5 cxb5 37. Rxb5 Ra7 38. Rb2 Bd7 39. Ra2 Rc8 40. Rd3 Rc4 41. Rg3 Bxa4 42. Be2 Rb4 43. Rxg6 Bd7 44. Rg7+ Kd8 45. h4 Rxd4 46. Ke3 Re4+ 47. Kf3 Ra8 48. h5 Kc7 49. Rc2+ Kb6 50. Rxd7 Rh8 51. Kg3 Re3+ 52. Kf2 Rh3 53. Rb2+ Kc5 54. Rbxb7 Rh2+ 55. Ke3 Rh3+ 56. Kd2 Kd4 57. Ra7 Rh2 58. Rxa5 Ke4 59. Ra4+ Kf5 60. Ke3 Rh3+ 61. Kf2 Rh2+ 62. Ke1 Rh1+ 63. Kd2 d4 64. Rf7+ Ke4 65. Rd7 Kxf4 66. Rdxd4+ Kxe5 67. Re4+ Kf6 68. Ra6 Rh2 69. Raxe6+ Kf5 70. R6e5+ Kf6 71. Ke3 Rh3+ 72. Bf3 Ra8 73. Re6+ Kf7 74. Re7+ Kg8 75. Rf4 Ra3+ 76. Ke4 Ra4+ 77. Kf5 Ra5+ 78. Kg6 Rg3+ 79. Bg4 Ra6+ 80. Kg5 Ra5+ 81. Rf5 Ra4 82. Rf4 Ra5+ 83. Kh4 Rg1 84. Be6+ Kh8 85. Rf8+ 1-0

[Event "Wch Blitz (Women)"]
[Site "Moscow"]
[Date "2019.12.30"]
[Round "12"]
[White "Nur Mukhametova, Alisa"]
[Black "Fatianova, Tatiana"]
[Result "1-0"]
[WhiteElo "2213"]
[BlackElo "2195"]
[PlyCount "127"]
[EventDate "2019.12.29"]
[EventType "swiss (blitz)"]
[EventRounds "17"]
[EventCountry "RUS"]
[SourceTitle "CBM 193 Extra"]
[Source "ChessBase"]
[SourceDate "2020.01.31"]
[SourceVersion "1"]
[SourceVersionDate "2020.01.31"]
[SourceQuality "1"]

1. e4 Nc6 2. d4 d5 3. e5 Bf5 4. Nf3 f6 5. exf6 gxf6 6. Bd3 Qd7 7. c3 0-0-0 8. 0-0 Bg4 9. Be2 e5 10. Re1 Bd6 11. dxe5 fxe5 12. Nh4 Bxe2 13. Qxe2 Nf6 14. Bg5 Rdf8 15. Bxf6 Rxf6 16. Nf3 Rg8 17. g3 Bc5 18. b4 Rxf3 19. Qxf3 Rf8 20. Qd1 Bxf2+ 21. Kg2 Bxe1 22. Qxe1 Qf5 23. Qe2 e4 24. Nd2 Qe5 25. Rc1 e3 26. Nf3 Qe4 27. b5 Ne5 28. Rf1 Ng4 29. h3 Nf2 30. Re1 Qe6 31. g4 Qe4 32. Qxe3 Qxe3 33. Rxe3 Nd1 34. Rd3 Nb2 35. Rxd5 Nc4 36. Rd3 c6 37. bxc6 bxc6 38. Kg3 Kc7 39. Rd4 Nd6 40. Ra4 Kb6 41. Rb4+ Kc5 42. Ne5 a5 43. Rd4 Re8 44. Nd3+ Kb5 45. a4+ Kb6 46. Rxd6 Re3+ 47. Kf4 Rxh3 48. c4 Kc7 49. c5 Rh1 50. Kg5 Ra1 51. Rd4 Rh1 52. Ne5 Rc1 53. Rd7+ Kc8 54. Rd6 Kb7 55. Rxc6 Re1 56. Rb6+ Kc7 57. Kf4 Rf1+ 58. Nf3 Rc1 59. Rh6 Rxc5 60. Rxh7+ Kc6 61. Rh6+ Kd5 62. Rh5+ Kc4 63. Rxc5+ Kxc5 64. g5 1-0

[Event "Wch Blitz (Women)"]
[Site "Moscow"]
[Date "2019.12.29"]
[Round "4"]
[White "Dauletova, Gulmira"]
[Black "Fatianova, Tatiana"]
[Result "1-0"]
[WhiteElo "2250"]
[BlackElo "2195"]
[PlyCount "93"]
[EventDate "2019.12.29"]
[EventType "swiss (blitz)"]
[EventRounds "17"]
[EventCountry "RUS"]
[SourceTitle "CBM 193 Extra"]
[Source "ChessBase"]
[SourceDate "2020.01.31"]
[SourceVersion "1"]
[SourceVersionDate "2020.01.31"]
[SourceQuality "1"]

1. e4 Nc6 2. Nf3 d6 3. d4 Nf6 4. Nc3 g6 5. Be2 Bg7 6. 0-0 0-0 7. h3 e5 8. d5 Ne7 9. Be3 Nd7 10. Nd2 f5 11. f3 Nf6 12. a4 f4 13. Bf2 g5 14. Nb5 a6 15. Na3 Ng6 16. c4 h5 17. c5 Qd7 18. cxd6 cxd6 19. Nac4 Qe7 20. Nb6 Rb8 21. Rc1 Nd7 22. Rc7 Qe8 23. Ndc4 Rf6 24. Qc2 Qd8 25. Rxc8 Rxc8 26. Nxc8 Qxc8 27. Qb3 Nc5 28. Qb4 Bf8 29. Nb6 Qd8 30. a5 g4 31. fxg4 hxg4 32. Bxg4 f3 33. gxf3 Nf4 34. Bh4 Nfd3 35. Qd2 Bg7 36. b4 Qf8 37. Bxf6 Qxf6 38. bxc5 Nxc5 39. Nd7 Qg6 40. Nxc5 dxc5 41. Qg2 Bh6 42. Be6+ Kg7 43. Qxg6+ Kxg6 44. Rb1 c4 45. Rxb7 c3 46. Rc7 Bd2 47. Kf1 1-0

[Event "RUS-chT (Women) 18th"]
[Site "Sochi"]
[Date "2016.05.04"]
[Round "4.4"]
[White "Kashlinskaya, Alina"]
[Black "Fatianova, Tatiana"]
[Result "1/2-1/2"]
[WhiteElo "2466"]
[BlackElo "2225"]
[PlyCount "115"]
[EventDate "2016.05.01"]
[EventType "team-tourn"]
[EventRounds "9"]
[EventCountry "RUS"]
[SourceTitle "CBM 172 Extra"]
[Source "ChessBase"]
[SourceDate "2016.06.21"]
[SourceVersion "1"]
[SourceVersionDate "2016.06.21"]
[SourceQuality "1"]
[WhiteTeam "Moscow Legacy Square (W)"]
[BlackTeam "Moscow Boavista (W)"]
[WhiteTeamCountry "RUS"]
[BlackTeamCountry "RUS"]

1. d4 Nc6 2. d5 Nb8 3. e4 d6 4. c4 Nf6 5. Nc3 g6 6. Bd3 Bg7 7. h3 e5 8. Nf3 0-0 9. Bg5 h6 10. Be3 Ne8 11. Qd2 Kh7 12. Bc2 Nd7 13. Qe2 a5 14. Nd2 Nc5 15. g4 Bd7 16. h4 Qc8 17. Rg1 Qd8 18. h5 Bf6 19. Rh1 g5 20. f3 Be7 21. Kf2 c6 22. Nf1 Qb8 23. Rd1 Na6 24. Ba4 Qc8 25. Ng3 c5 26. Rb1 Ng7 27. a3 Qc7 28. Qc2 Rfb8 29. Kg2 Qc8 30. Bd2 Bd8 31. Nb5 Bc7 32. Bc3 f6 33. Ne2 Ne8 34. Kg3 Bd8 35. Nc1 Nac7 36. Bd2 Nxb5 37. Bxb5 Bxb5 38. cxb5 Qd7 39. Qc4 Nc7 40. a4 b6 41. Nd3 Ne8 42. b3 Rc8 43. Nb2 Qb7 44. Qd3 Qd7 45. Nc4 Qb7 46. Kf2 Qd7 47. Ke2 Rab8 48. Kd1 Kh8 49. Kc2 Rb7 50. Rbf1 Qh7 51. Bc3 Ra8 52. Rhg1 Re7 53. Kb2 Qf7 54. Bd2 Qh7 55. Qc3 Qg7 56. Ne3 Rd7 57. Nf5 Qh7 58. Ng3 1/2-1/2

[Event "Moscow-chT"]
[Site "Moscow"]
[Date "2015.11.01"]
[Round "9.1"]
[White "Fatianova, Tatiana"]
[Black "Savitskiy, Sergey"]
[Result "0-1"]
[WhiteElo "2238"]
[BlackElo "2333"]
[PlyCount "92"]
[EventDate "2015.10.15"]
[EventType "team-swiss"]
[EventRounds "9"]
[EventCountry "RUS"]
[SourceTitle "EXT 2017"]
[Source "ChessBase"]
[SourceDate "2016.10.25"]
[SourceVersion "1"]
[SourceVersionDate "2016.10.25"]
[SourceQuality "1"]
[WhiteTeam "RSUH CC"]
[BlackTeam "SergArk team"]
[WhiteTeamCountry "RUS"]
[BlackTeamCountry "RUS"]

1. e4 c5 2. Nc3 Nc6 3. Bb5 e6 4. Bxc6 bxc6 5. d3 d6 6. f4 Nh6 7. Nf3 f6 8. 0-0 Nf7 9. Qe1 Be7 10. e5 d5 11. Kh1 0-0 12. Bd2 Bd7 13. Qg3 Nh6 14. Rae1 Nf5 15. Qh3 Nd4 16. Nxd4 cxd4 17. Ne2 c5 18. Ng3 f5 19. Ne2 Qb6 20. Bc1 c4 21. dxc4 Bc6 22. Qb3 Bc5 23. Qxb6 axb6 24. Rd1 dxc4 25. Nxd4 Bxd4 26. Rxd4 Rxa2 27. Rd6 Rc8 28. c3 Kf7 29. Kg1 b5 30. Rf2 Rc7 31. Be3 Bd5 32. Rb6 Rb7 33. Rxb7+ Bxb7 34. Bc5 Be4 35. Rd2 Bd5 36. Kf2 Ra1 37. g3 Rh1 38. Ke3 h6 39. Rf2 g5 40. Bb6 Kg6 41. Bd8 Kh5 42. h4 g4 43. Rd2 Rg1 44. Kd4 Rxg3 45. Kc5 Rd3 46. Re2 Rd4 0-1

[Event "Moscow-chT"]
[Site "Moscow"]
[Date "2015.10.31"]
[Round "8.1"]
[White "Fatianova, Tatiana"]
[Black "Drozdova, Dina"]
[Result "1/2-1/2"]
[WhiteElo "2238"]
[BlackElo "2241"]
[PlyCount "138"]
[EventDate "2015.10.15"]
[EventType "team-swiss"]
[EventRounds "9"]
[EventCountry "RUS"]
[SourceTitle "EXT 2017"]
[Source "ChessBase"]
[SourceDate "2016.10.25"]
[SourceVersion "1"]
[SourceVersionDate "2016.10.25"]
[SourceQuality "1"]
[WhiteTeam "RSUH CC"]
[BlackTeam "Boavista"]
[WhiteTeamCountry "RUS"]
[BlackTeamCountry "RUS"]

1. e4 d6 2. d4 Nf6 3. Nc3 e5 4. dxe5 dxe5 5. Qxd8+ Kxd8 6. Bc4 Be6 7. Bxe6 fxe6 8. Bg5 Bd6 9. 0-0-0 Ke7 10. f3 a6 11. Nh3 Nc6 12. Nf2 h6 13. Be3 Nh5 14. Nd3 Nf4 15. Bxf4 exf4 16. e5 Nxe5 17. Nxf4 Rhf8 18. Nd3 Nxd3+ 19. Rxd3 Rad8 20. Ne4 Bf4+ 21. Kd1 Rxd3+ 22. cxd3 Rf5 23. Kc2 Be5 24. h3 Bd4 25. b4 a5 26. Rb1 Rb5 27. a3 axb4 28. axb4 Rf5 29. Kb3 Kd7 30. Re1 b6 31. Re2 Rf8 32. Kc4 Bf6 33. Ra2 Be7 34. b5 g5 35. Ra1 h5 36. Nc3 Rf4+ 37. Ne4 Rf8 38. Nc3 Rg8 39. Ne4 Rc8 40. Kd4 Rf8 41. Ra2 Rf5 42. Kc4 Rf8 43. Kd4 Rf5 44. Kc4 Rf8 45. Nd2 Rf4+ 46. Ne4 Rf8 47. Nc3 Rf4+ 48. Ne4 Rf8 49. d4 g4 50. fxg4 hxg4 51. Rf2 Rg8 52. Rf7 Ke8 53. Rf4 gxh3 54. gxh3 Rg1 55. Rf3 Rc1+ 56. Rc3 Rb1 57. Rb3 Rc1+ 58. Rc3 Rb1 59. Rb3 Rd1 60. Re3 Kd7 61. Nc3 Rc1 62. d5 exd5+ 63. Kxd5 Bf6 64. Kc4 c6 65. bxc6+ Kc7 66. Kb3 Bxc3 67. Rxc3 Rxc3+ 68. Kxc3 Kxc6 69. Kd4 Kd6 1/2-1/2

[Event "Paleochora op 8th"]
[Site "Paleochora"]
[Date "2015.07.18"]
[Round "3"]
[White "Fatianova, Tatiana"]
[Black "Colovic, Aleksandar"]
[Result "1-0"]
[WhiteElo "2244"]
[BlackElo "2458"]
[PlyCount "103"]
[EventDate "2015.07.17"]
[EventType "swiss"]
[EventRounds "9"]
[EventCountry "GRE"]
[SourceTitle "CBM 167 Extra"]
[Source "ChessBase"]
[SourceDate "2015.09.14"]
[SourceVersion "1"]
[SourceVersionDate "2015.09.14"]
[SourceQuality "1"]

1. e4 c5 2. Nc3 e6 3. f4 Ne7 4. Nf3 Nec6 5. Be2 Nd4 6. 0-0 Nbc6 7. e5 d5 8. exd6 Bxd6 9. Nxd4 Nxd4 10. Ne4 Be7 11. Bd3 0-0 12. Kh1 h6 13. b3 Bd7 14. Bb2 Bc6 15. Qh5 Qd5 16. Qh3 f5 17. Ng3 Qd6 18. Rae1 Rae8 19. Re3 Bd8 20. Nh5 Rf7 21. c3 Nb5 22. a4 Nc7 23. c4 g5 24. Be5 Qf8 25. Qg3 Rh7 26. h3 Qf7 27. Be2 Na6 28. Kh2 Nb4 29. Qf2 b6 30. Bd1 Ba8 31. g4 Nc6 32. Bc2 gxf4 33. Bxf4 e5 34. Rfe1 e4 35. Rg1 Kh8 36. Bd1 fxg4 37. Bxg4 Ne5 38. Qg3 Nxg4+ 39. Qxg4 Bg5 40. h4 Bxf4+ 41. Nxf4 Rg7 42. Ng6+ Kh7 43. Reg3 Rgg8 44. h5 Rd8 45. Qe2 Qd7 46. R1g2 Qd6 47. Rf2 Rg7 48. Qg4 Qd4 49. Qf5 e3 50. dxe3 Qd6 51. Ne5+ Kg8 52. Qf7+ 1-0

[Event "Golden Sands Europe op 3rd"]
[Site "Golden Sands"]
[Date "2014.06.11"]
[Round "2"]
[White "Raznikov, Danny"]
[Black "Fatianova, Tatiana"]
[Result "1-0"]
[WhiteElo "2495"]
[BlackElo "2292"]
[PlyCount "49"]
[EventDate "2014.06.10"]
[EventType "swiss"]
[EventRounds "9"]
[EventCountry "BUL"]
[SourceTitle "CBM 160 Extra"]
[Source "ChessBase"]
[SourceDate "2014.07.01"]
[SourceVersion "1"]
[SourceVersionDate "2014.07.01"]
[SourceQuality "1"]

1. d4 Nc6 2. d5 Nb8 3. e4 d6 4. c4 Nf6 5. Nc3 g6 6. Be2 Bg7 7. Nf3 0-0 8. Be3 a5 9. Nd4 Nbd7 10. f4 Nc5 11. Bf3 Nfd7 12. 0-0 e5 13. dxe6 fxe6 14. Ndb5 Rb8 15. Qe2 b6 16. Rad1 e5 17. f5 gxf5 18. exf5 Nf6 19. g4 Ne8 20. Na7 Bd7 21. Nc6 Bxc6 22. Bxc6 Bf6 23. g5 Bxg5 24. Qg2 h6 25. h4 1-0

[Event "Wch Blitz qf (Women)"]
[Site "Moscow"]
[Date "2010.09.14"]
[Round "2"]
[White "Fatianova, Tatiana"]
[Black "Kharmunova, Nadezhda"]
[Result "1-0"]
[WhiteElo "2289"]
[BlackElo "2121"]
[PlyCount "89"]
[EventDate "2010.09.14"]
[EventType "swiss (blitz)"]
[EventRounds "11"]
[EventCountry "RUS"]
[SourceTitle "CBM 138 Extra"]
[Source "ChessBase"]
[SourceDate "2010.10.29"]
[SourceVersion "1"]
[SourceVersionDate "2010.10.29"]
[SourceQuality "1"]

1. e4 c5 2. b3 Nc6 3. Bb2 d6 4. Bb5 e5 5. Ne2 Nf6 6. Bxc6+ bxc6 7. d3 Be7 8. 0-0 0-0 9. Nd2 Be6 10. h3 Nd7 11. f4 exf4 12. Nxf4 Bf6 13. Bxf6 Qxf6 14. Kh1 Qh4 15. Qe1 Qh6 16. Qg3 Ne5 17. Nc4 Bxc4 18. bxc4 Rab8 19. Rab1 a5 20. a3 a4 21. Ne2 Qe6 22. Nc3 Ra8 23. Rb6 f5 24. Rb7 Ng6 25. exf5 Rxf5 26. Rxf5 Qxf5 27. Qxd6 Rf8 28. Rb1 Qf2 29. Ne4 Qxc2 30. Rb8 Qc1+ 31. Kh2 Qf4+ 32. Qxf4 Nxf4 33. Rxf8+ Kxf8 34. Nxc5 Ke7 35. Kg3 Ng6 36. Nxa4 Kd6 37. Nb2 Ke5 38. a4 Kd4 39. a5 Ne7 40. Kf4 Kc3 41. Na4+ Kxd3 42. Nb6 Kd4 43. a6 Ng6+ 44. Kf5 Nh4+ 45. Ke6 1-0

[Event "Wch Blitz qf (Women)"]
[Site "Moscow"]
[Date "2010.09.14"]
[Round "9"]
[White "Fatianova, Tatiana"]
[Black "Mikhaylova, Irina"]
[Result "0-1"]
[WhiteElo "2289"]
[BlackElo "2288"]
[PlyCount "180"]
[EventDate "2010.09.14"]
[EventType "swiss (blitz)"]
[EventRounds "11"]
[EventCountry "RUS"]
[SourceTitle "CBM 138 Extra"]
[Source "ChessBase"]
[SourceDate "2010.10.29"]
[SourceVersion "1"]
[SourceVersionDate "2010.10.29"]
[SourceQuality "1"]

1. e4 c5 2. b3 Nc6 3. Bb2 e6 4. Nf3 Nf6 5. e5 Nd5 6. Nc3 Be7 7. Nxd5 exd5 8. d4 cxd4 9. Nxd4 0-0 10. Nf3 Qa5+ 11. Qd2 Bb4 12. c3 Bc5 13. Be2 Ba3 14. 0-0 Bxb2 15. Qxb2 Re8 16. Rfe1 Nxe5 17. Nxe5 Rxe5 18. Bf3 d6 19. Red1 Be6 20. Rd2 Rc8 21. b4 Qc7 22. Rc2 Bf5 23. Rd2 Be4 24. Bxe4 dxe4 25. c4 e3 26. fxe3 Rxe3 27. Qd4 Re6 28. Rad1 b6 29. a4 g6 30. Rc1 Qc6 31. b5 Qc5 32. Rcd1 Qxd4+ 33. Rxd4 Rd8 34. Kf2 Kf8 35. a5 Ke7 36. axb6 axb6 37. Ra1 Rd7 38. Ra6 Rb7 39. Kf3 Re5 40. g4 Ke6 41. h4 f6 42. Kf4 Rc5 43. Ra8 Rbc7 44. Rd8 Rxc4 45. R8xd6+ Ke7 46. Rd7+ Rxd7 47. Rxc4 Rd6 48. Rc7+ Ke6 49. Rxh7 Rd4+ 50. Kf3 Rd3+ 51. Kf4 Rd4+ 52. Kf3 Rb4 53. Rh6 Kf7 54. Rh7+ Kg8 55. Rb7 Rxb5 56. Kf4 Rb4+ 57. Kf3 g5 58. hxg5 fxg5 59. Kg3 Rb3+ 60. Kg2 b5 61. Kf2 b4 62. Kg2 Rb2+ 63. Kg3 Kf8 64. Kf3 Ke8 65. Ke4 Rf2 66. Ke5 Rf4 67. Kd5 Rxg4 68. Ke6 Kd8 69. Kf5 Rc4 70. Kxg5 Kc8 71. Rb5 Kc7 72. Kf5 Kc6 73. Rb8 Kd5 74. Rd8+ Kc5 75. Rc8+ Kd4 76. Rb8 Kc3 77. Ke5 b3 78. Kd5 Rc7 79. Rh8 Kb2 80. Kd4 Ka2 81. Ra8+ Kb1 82. Kd3 b2 83. Rb8 Rc5 84. Rb7 Rd5+ 85. Kc3 Rc5+ 86. Kd3 Rc8 87. Rb6 Rd8+ 88. Kc3 Rc8+ 89. Kd3 Kc1 90. Kd4 b1Q 0-1

[Event "Wch Blitz qf (Women)"]
[Site "Moscow"]
[Date "2010.09.14"]
[Round "7"]
[White "Fatianova, Tatiana"]
[Black "Nikitina, Elena"]
[Result "1/2-1/2"]
[WhiteElo "2289"]
[BlackElo "2030"]
[PlyCount "70"]
[EventDate "2010.09.14"]
[EventType "swiss (blitz)"]
[EventRounds "11"]
[EventCountry "RUS"]
[SourceTitle "CBM 138 Extra"]
[Source "ChessBase"]
[SourceDate "2010.10.29"]
[SourceVersion "1"]
[SourceVersionDate "2010.10.29"]
[SourceQuality "1"]

1. e4 d5 2. exd5 Qxd5 3. Nc3 Qa5 4. Bc4 Nf6 5. h3 c6 6. d3 Bf5 7. Bd2 Qc7 8. Nf3 e6 9. Qe2 Nbd7 10. Nd4 0-0-0 11. Nxf5 exf5 12. 0-0-0 Nb6 13. Bb3 Nbd5 14. Qf3 g6 15. Kb1 Bg7 16. Rhe1 Nb6 17. Bg5 h6 18. Bf4 Qd7 19. Re2 Rhe8 20. Rde1 Rxe2 21. Rxe2 Re8 22. Rxe8+ Qxe8 23. Qe2 Qxe2 24. Nxe2 Nfd5 25. Bd2 Kd7 26. c3 g5 27. Bc2 f4 28. b3 c5 29. Bd1 f5 30. Kc2 Kd6 31. Ng1 Nd7 32. g3 fxg3 33. fxg3 Ne5 34. Nf3 Nxf3 35. Bxf3 b6 1/2-1/2

[Event "Wch Blitz qf (Women)"]
[Site "Moscow"]
[Date "2010.09.14"]
[Round "10"]
[White "Fominykh, Maria"]
[Black "Fatianova, Tatiana"]
[Result "1-0"]
[WhiteElo "2268"]
[BlackElo "2289"]
[PlyCount "83"]
[EventDate "2010.09.14"]
[EventType "swiss (blitz)"]
[EventRounds "11"]
[EventCountry "RUS"]
[SourceTitle "CBM 138 Extra"]
[Source "ChessBase"]
[SourceDate "2010.10.29"]
[SourceVersion "1"]
[SourceVersionDate "2010.10.29"]
[SourceQuality "1"]

1. d4 d5 2. c4 dxc4 3. e3 Nf6 4. Bxc4 e6 5. Nf3 a6 6. a4 c5 7. 0-0 Nc6 8. dxc5 Bxc5 9. Qxd8+ Kxd8 10. Nbd2 b6 11. Nb3 Bd6 12. Rd1 Ke7 13. Bd2 Bb7 14. Bc3 Rhd8 15. Nfd4 Rac8 16. Be2 Ne5 17. Rac1 Ne4 18. Be1 Nc5 19. a5 Nxb3 20. Nxb3 b5 21. Bc3 Nc4 22. Bf1 f6 23. Re1 b4 24. Bd4 e5 25. Bxc4 exd4 26. Nxd4 Be5 27. Nf5+ Kf8 28. b3 Bc7 29. Ra1 Be4 30. Nd4 Ke7 31. Bxa6 Ra8 32. Bc4 Rxa5 33. f3 Bg6 34. Nc6+ Kf8 35. Nxa5 Bb6 36. Nc6 Rc8 37. Nd4 f5 38. Ra6 Bc5 39. Ne6+ Ke7 40. Nxc5 Rxc5 41. Rd1 h6 42. Rxg6 1-0

[Event "Wch Blitz qf (Women)"]
[Site "Moscow"]
[Date "2010.09.14"]
[Round "11"]
[White "Meshcheriakova, Evgenia"]
[Black "Fatianova, Tatiana"]
[Result "1-0"]
[WhiteElo "2260"]
[BlackElo "2289"]
[PlyCount "59"]
[EventDate "2010.09.14"]
[EventType "swiss (blitz)"]
[EventRounds "11"]
[EventCountry "RUS"]
[SourceTitle "CBM 138 Extra"]
[Source "ChessBase"]
[SourceDate "2010.10.29"]
[SourceVersion "1"]
[SourceVersionDate "2010.10.29"]
[SourceQuality "1"]

1. e4 d6 2. d4 Nf6 3. Nc3 e5 4. Nf3 Nbd7 5. Bc4 Be7 6. 0-0 0-0 7. Re1 c6 8. a4 a5 9. Ba2 Qc7 10. h3 h6 11. Be3 Nh7 12. Qd2 Bf6 13. Rad1 Re8 14. Nh2 Bg5 15. dxe5 Bxe3 16. Rxe3 dxe5 17. Rg3 Kf8 18. Ng4 Ndf6 19. Nxh6 gxh6 20. Qxh6+ Ke7 21. Bxf7 Be6 22. Bxe8 Rxe8 23. Rg7+ Bf7 24. Rxh7 Nxh7 25. Qxh7 Rg8 26. Qh4+ Ke8 27. Qf6 Rg6 28. Qf5 Re6 29. Rd3 Bg6 30. Qxe6+ 1-0

[Event "Kuala Lumpur op 3rd"]
[Site "Kuala Lumpur"]
[Date "2010.04.07"]
[Round "2"]
[White "Swapnil, S Dhopade"]
[Black "Fatianova, Tatiana"]
[Result "0-1"]
[WhiteElo "2442"]
[BlackElo "2303"]
[PlyCount "82"]
[EventDate "2010.04.07"]
[EventType "swiss"]
[EventRounds "9"]
[EventCountry "MAS"]
[SourceTitle "CBM 135 Extra"]
[Source "ChessBase"]
[SourceDate "2010.05.04"]
[SourceVersion "1"]
[SourceVersionDate "2010.05.04"]
[SourceQuality "1"]

1. e4 c6 2. d4 d5 3. exd5 cxd5 4. Bd3 Nc6 5. c3 Nf6 6. Bf4 Bg4 7. Qb3 Qc8 8. Nd2 e6 9. Ngf3 Be7 10. h3 Bh5 11. 0-0 Bg6 12. Bxg6 hxg6 13. Rae1 a6 14. c4 0-0 15. c5 Nd7 16. Qc3 a5 17. Rc1 Ra6 18. Nb3 a4 19. Nbd2 b6 20. cxb6 Rxb6 21. b3 Qa8 22. Bc7 Ra6 23. Qe3 Rc8 24. Bf4 Nb4 25. Rxc8+ Qxc8 26. a3 Nc2 27. Qd3 axb3 28. Nxb3 Qc4 29. Qxc4 dxc4 30. Nbd2 Nxa3 31. Rc1 Rc6 32. Nb3 cxb3 33. Rxc6 b2 34. Rc8+ Kh7 35. Nd2 Bb4 36. Nb1 Nxb1 37. Rc2 Bc3 38. Bc1 Na3 39. Bxb2 Nxc2 40. Bxc3 Nb8 41. Bb2 Nc6 0-1

[Event "Le Touquet op-A 24th"]
[Site "Le Touquet"]
[Date "2009.10.29"]
[Round "8"]
[White "Benson, Oisin P"]
[Black "Fatianova, Tatiana"]
[Result "0-1"]
[WhiteElo "2050"]
[BlackElo "2302"]
[PlyCount "72"]
[EventDate "2009.10.24"]
[EventType "swiss"]
[EventRounds "9"]
[EventCountry "FRA"]
[SourceTitle "EXT 2010"]
[Source "ChessBase"]
[SourceDate "2010.11.25"]
[SourceVersion "1"]
[SourceVersionDate "2010.11.25"]
[SourceQuality "1"]

1. d4 d5 2. c4 dxc4 3. Nf3 Nf6 4. e3 e6 5. Bxc4 a6 6. 0-0 c5 7. Bb3 Nc6 8. Nc3 cxd4 9. exd4 Be7 10. Bg5 0-0 11. Qd2 h6 12. Bh4 Nb4 13. Rfe1 Nbd5 14. Bc2 Qb6 15. Ne5 Rd8 16. Rad1 Kf8 17. Nxd5 Rxd5 18. Bb3 Rd8 19. Qf4 Bd7 20. Re3 Rac8 21. h3 Bb5 22. g4 Be8 23. Rg3 Kg8 24. Rgd3 Nd5 25. Bxd5 Bxh4 26. Be4 Qxb2 27. Nf3 Qxf2+ 28. Kh1 Qg3 29. Qd2 Qf2 30. Nxh4 Qxh4 31. d5 exd5 32. Bxd5 Rxd5 33. Rxd5 Bc6 34. Kg1 Qg3+ 35. Kf1 Qxh3+ 36. Kf2 Bxd5 0-1